[Event "Belleuve Chess 2012"]
[Site "Alcudia ESP"]
[Date "2012.10.17"]
[Round "4.34"]
[White "Dominguez Marquez Juan, Car"]
[Black "Forcadell Escouffier, Albert"]
[Result "1-0"]
[WhiteElo "1718"]
[BlackElo "1554"]
[PlyCount "99"]
[EventDate "2012.10.14"]
[EventType "swiss"]
[EventRounds "9"]
[EventCountry "ESP"]
[Source "lmi"]
[SourceDate "2012.10.14"]

1. e4 Nf6 2. e5 Nd5 3. Bc4 Nb6 4. Bb3 e6 5. Nf3 d6 6. O-O dxe5 7. Nxe5 Bd6 8.
Qe2 O-O 9. d4 Bxe5 10. dxe5 Nc6 11. c3 Qe7 12. Nd2 Bd7 13. Nf3 h6 14. Qe4 f5
15. Qf4 Na5 16. Nd4 Nxb3 17. axb3 g5 18. Qg3 Rf7 19. f4 g4 20. Be3 Rg7 21. Qe1
Nd5 22. Bf2 c5 23. Bh4 Qf7 24. Ne2 Qh5 25. g3 Ne3 26. Qf2 Nxf1 27. Kxf1 b6 28.
Rd1 Qe8 29. Rd6 Rd8 30. Bxd8 Qxd8 31. Qe3 Qb8 32. Qd2 Qb7 33. Kg1 h5 34. c4 Bc8
35. Nc3 a6 36. Na4 Qf3 37. Rd8+ Kh7 38. Rxc8 h4 39. Rd8 hxg3 40. Rd3 Qb7 41.
hxg3 Re7 42. Qh2+ Kg6 43. Qh4 Rd7 44. Qg5+ Kh7 45. Rd6 Rxd6 46. exd6 Qf3 47.
Qe7+ Kg6 48. Qxe6+ Kg7 49. Qe1 Qd3 50. Qc3+ 1-0

[Event "Belleuve Chess 2012"]
[Site "Alcudia ESP"]
[Date "2012.10.17"]
[Round "4.35"]
[White "Jaume Pons, Antonio"]
[Black "Deiana, Giacomo"]
[Result "1-0"]
[WhiteElo "1693"]
[BlackElo "1687"]
[PlyCount "69"]
[EventDate "2012.10.14"]
[EventType "swiss"]
[EventRounds "9"]
[EventCountry "ESP"]
[Source "lmi"]
[SourceDate "2012.10.14"]

1. b4 e6 2. Bb2 Nf6 3. a3 d5 4. Nf3 Nbd7 5. e3 c5 6. bxc5 Bxc5 7. d4 Be7 8. c4
O-O 9. Nbd2 Qa5 10. cxd5 exd5 11. Bd3 Ne4 12. O-O Ndf6 13. Nb3 Qd8 14. Qc2 Bf5
15. Rac1 Rc8 16. Qe2 Qb6 17. Nc5 Bxc5 18. dxc5 Qe6 19. Nd4 Qd7 20. Bb5 Rc6 21.
Bxc6 bxc6 22. f3 Ng5 23. h4 Nxf3+ 24. Nxf3 Ne4 25. Be5 f6 26. Bd6 Re8 27. Nh2
Be6 28. Rf4 Nxd6 29. cxd6 Qxd6 30. Qa6 Bd7 31. Qxa7 g5 32. hxg5 fxg5 33. Rf3 g4
34. Nxg4 Bxg4 35. Qf7+ 1-0

[Event "Belleuve Chess 2012"]
[Site "Alcudia ESP"]
[Date "2012.10.17"]
[Round "4.36"]
[White "Gibert Rossello, Antonio"]
[Black "Mateu Mir, Gabriel"]
[Result "1/2-1/2"]
[WhiteElo "1564"]
[BlackElo "1575"]
[PlyCount "66"]
[EventDate "2012.10.14"]
[EventType "swiss"]
[EventRounds "9"]
[EventCountry "ESP"]
[Source "lmi"]
[SourceDate "2012.10.14"]

1. e4 e5 2. Nf3 Nc6 3. Bc4 h6 4. O-O Nf6 5. Nc3 a6 6. a3 Bc5 7. d3 d6 8. b4 Ba7
9. Bb2 O-O 10. Ne2 Bg4 11. Ng3 Nd4 12. Bxd4 Bxd4 13. Rb1 b5 14. Bb3 g6 15. h3
Bh5 16. Nxh5 Nxh5 17. Nxd4 exd4 18. Qg4 Kh7 19. f4 f5 20. Qf3 fxe4 21. Qg4 e3
22. f5 Qg5 23. fxg6+ Qxg6 24. Qh4 Rae8 25. Bd5 Qg5 26. Qxd4 Nf4 27. Be4+ Kg8
28. Rxf4 Qxf4 29. Bd5+ Kh7 30. Be4+ Rxe4 31. dxe4 Qg3 32. Kh1 e2 33. Qg1 Re8
1/2-1/2

[Event "Belleuve Chess 2012"]
[Site "Alcudia ESP"]
[Date "2012.10.18"]
[Round "5.1"]
[White "Stefanov, Evtim"]
[Black "Melderis, Uldis"]
[Result "0-1"]
[WhiteElo "1963"]
[BlackElo "1958"]
[PlyCount "102"]
[EventDate "2012.10.14"]
[EventType "swiss"]
[EventRounds "9"]
[EventCountry "ESP"]
[Source "lmi"]
[SourceDate "2012.10.14"]

1. e4 e6 2. d4 d5 3. Nd2 dxe4 4. Nxe4 Bd7 5. Bd3 Bc6 6. Nf3 Be7 7. Qe2 Nf6 8.
Bd2 Nxe4 9. Bxe4 Bxe4 10. Qxe4 Qd5 11. Qg4 O-O 12. O-O Nd7 13. Bh6 Bf6 14. Rfe1
Qf5 15. Qxf5 exf5 16. Bf4 c6 17. c4 Rfe8 18. Kf1 Re4 19. g3 Rae8 20. Rad1 Bd8
21. Nd2 Rxe1+ 22. Rxe1 Rxe1+ 23. Kxe1 Ba5 24. Ke2 Bxd2 25. Bxd2 f6 26. h4 h5
27. b4 Kf7 28. Kd3 Ke6 29. Bf4 b5 30. Bc7 a6 31. Kc3 g6 32. Kb3 Nf8 33. a4 Kd7
34. Bb6 g5 35. d5 gxh4 36. gxh4 Ng6 37. dxc6+ Kxc6 38. Bd8 Nxh4 39. Bxf6 Nf3
40. cxb5+ axb5 41. axb5+ Kxb5 42. Kc3 h4 43. Bxh4 Nxh4 44. Kd4 Ng6 45. f4 Kxb4
46. Kd5 Kc3 47. Ke6 Nh4 48. Kf6 Kd4 49. Kg5 Ke4 50. Kxh4 Kxf4 51. Kh3 Kf3 0-1

[Event "Belleuve Chess 2012"]
[Site "Alcudia ESP"]
[Date "2012.10.18"]
[Round "5.2"]
[White "Llamazares Lopez, Carlos"]
[Black "Asensio Ramos, Enrique Fernando"]
[Result "0-1"]
[WhiteElo "1694"]
[BlackElo "1858"]
[PlyCount "120"]
[EventDate "2012.10.14"]
[EventType "swiss"]
[EventRounds "9"]
[EventCountry "ESP"]
[Source "lmi"]
[SourceDate "2012.10.14"]

1. e4 Nf6 2. e5 Nd5 3. d4 d6 4. c4 Nb6 5. exd6 exd6 6. Nc3 Be7 7. Bd3 Nc6 8.
Nge2 Bf6 9. O-O O-O 10. c5 dxc5 11. dxc5 Nd7 12. Qc2 g6 13. Nd5 Nde5 14. Be4
Be6 15. Nxf6+ Qxf6 16. a3 Rad8 17. Bh6 Rfe8 18. f4 Ng4 19. Bg5 Nd4 20. Bxf6
Nxc2 21. Bxd8 Nxa1 22. Rxa1 Rxd8 23. h3 Nf6 24. Bxb7 Rd2 25. Bf3 Rxb2 26. Nd4
Bd5 27. Rf1 Bxf3 28. Rxf3 Ne4 29. Rb3 Rd2 30. Nf3 Rd1+ 31. Kh2 Nxc5 32. Rb8+
Kg7 33. Ra8 a6 34. Ra7 Ne6 35. f5 gxf5 36. Rxa6 Kf6 37. Rc6 Rd3 38. a4 Ra3 39.
Rc4 c5 40. Ne1 Ke5 41. Rh4 h6 42. Rxh6 Rxa4 43. Rh7 Ra7 44. Rh4 f4 45. Nd3+ Ke4
46. Nf2+ Ke3 47. Ng4+ Kd4 48. Rh5 c4 49. Ne5 c3 50. Nc6+ Kd3 51. Rd5+ Ke2 52.
Re5+ Kf2 53. Nb4 Rd7 54. Re4 f3 55. g4 Rd2 56. h4 Nd4 57. Re7 c2 58. Rc7 Ke3+
59. Kh3 Rd1 60. Re7+ Kf2 0-1

[Event "Belleuve Chess 2012"]
[Site "Alcudia ESP"]
[Date "2012.10.18"]
[Round "5.4"]
[White "Moueden, Mohamed Amine"]
[Black "Perez Gandesa, Jose Antonio"]
[Result "1-0"]
[WhiteElo "1997"]
[BlackElo "1881"]
[PlyCount "91"]
[EventDate "2012.10.14"]
[EventType "swiss"]
[EventRounds "9"]
[EventCountry "ESP"]
[Source "lmi"]
[SourceDate "2012.10.14"]

1. e4 d5 2. exd5 Nf6 3. Bb5+ Bd7 4. Bc4 Bg4 5. f3 Bf5 6. Nc3 Nbd7 7. Nge2 Nb6
8. Bb3 Nbxd5 9. Nxd5 Nxd5 10. Ng3 Bg6 11. d4 c6 12. O-O e6 13. c3 Bd6 14. Ne4
Bc7 15. Qe1 O-O 16. Bg5 Qb8 17. Qh4 Bd8 18. Rfe1 h6 19. Bxd8 Qxd8 20. Qg3 Qc7
21. Qxc7 Nxc7 22. Nc5 b6 23. Nd7 Rfd8 24. Ne5 Rd6 25. Nxg6 fxg6 26. Re5 Kf7 27.
Rae1 Re8 28. g3 g5 29. R5e4 Nd5 30. Re5 Re7 31. a3 Nf6 32. h3 Nd7 33. R5e3 Nf6
34. Kf2 Nd5 35. Re5 Nf6 36. f4 gxf4 37. gxf4 g6 38. Kf3 Nd7 39. R5e2 Kf6 40.
Rg1 Nf8 41. Reg2 Rg7 42. h4 h5 43. Rg5 Nh7 44. Re5 Nf8 45. Rge1 Nd7 46. Rg5 1-0

[Event "Belleuve Chess 2012"]
[Site "Alcudia ESP"]
[Date "2012.10.18"]
[Round "5.5"]
[White "Botelho Luis, Miguel Rodrig"]
[Black "Martinez Rubio, Felipe"]
[Result "1-0"]
[WhiteElo "1972"]
[BlackElo "1815"]
[PlyCount "49"]
[EventDate "2012.10.14"]
[EventType "swiss"]
[EventRounds "9"]
[EventCountry "ESP"]
[Source "lmi"]
[SourceDate "2012.10.14"]

1. e4 c5 2. Nc3 g6 3. f4 Bg7 4. Nf3 Nc6 5. Bb5 Nd4 6. O-O Nxb5 7. Nxb5 d5 8.
exd5 Nf6 9. c4 a6 10. Nc3 O-O 11. d4 cxd4 12. Qxd4 e6 13. Ne5 exd5 14. cxd5 Re8
15. Re1 Nd7 16. Bd2 Bf8 17. Ne4 Bg7 18. Nd6 Re7 19. Bb4 Nxe5 20. fxe5 Rd7 21.
Qf2 b6 22. e6 fxe6 23. dxe6 Rda7 24. Qf7+ Rxf7 25. exf7+ 1-0

[Event "Belleuve Chess 2012"]
[Site "Alcudia ESP"]
[Date "2012.10.18"]
[Round "5.6"]
[White "Fiol Company, Juan"]
[Black "Rautanen, Sari"]
[Result "1-0"]
[WhiteElo "1934"]
[BlackElo "1955"]
[PlyCount "99"]
[EventDate "2012.10.14"]
[EventType "swiss"]
[EventRounds "9"]
[EventCountry "ESP"]
[Source "lmi"]
[SourceDate "2012.10.14"]

1. e4 d6 2. d4 Nf6 3. Nc3 e5 4. Nf3 Nbd7 5. Bc4 Be7 6. O-O O-O 7. h3 c6 8. a4
a5 9. Be3 Nxe4 10. Bxf7+ Rxf7 11. Nxe4 exd4 12. Qxd4 Rxf3 13. gxf3 Ne5 14. Kg2
Qd7 15. Rh1 Qf5 16. f4 Qg6+ 17. Ng3 Nf7 18. Qe4 Qxe4+ 19. Nxe4 d5 20. Ng5 Nd6
21. Bc5 Bf5 22. Rhe1 Bxg5 23. Bxd6 Bf6 24. c3 Kf7 25. Re2 Bd3 26. Re3 Bc2 27.
Rae1 Bf5 28. Be7 Be4+ 29. f3 Bxe7 30. fxe4 Bh4 31. R1e2 dxe4 32. Rxe4 Rd8 33.
Re5 b6 34. Re6 Rc8 35. Rd6 b5 36. Ree6 bxa4 37. Rxc6 Rd8 38. Red6 Re8 39. Rd7+
Kf8 40. Rcc7 Bf6 41. Kf3 h6 42. Rc4 Rb8 43. Rxa4 Rxb2 44. Rxa5 Kg8 45. c4 Rb3+
46. Kg4 Rc3 47. c5 Rc4 48. h4 Be5 49. Kf5 Bxf4 50. Kg6 1-0

[Event "Belleuve Chess 2012"]
[Site "Alcudia ESP"]
[Date "2012.10.18"]
[Round "5.7"]
[White "Maria Lopez, Jorge Luis"]
[Black "Sanabria Macias, Anselmo"]
[Result "0-1"]
[WhiteElo "1877"]
[BlackElo "1935"]
[PlyCount "44"]
[EventDate "2012.10.14"]
[EventType "swiss"]
[EventRounds "9"]
[EventCountry "ESP"]
[Source "lmi"]
[SourceDate "2012.10.14"]

1. d4 d5 2. Nf3 e6 3. g3 c5 4. e3 Nc6 5. Bg2 Nf6 6. O-O Bd6 7. b3 cxd4 8. exd4
O-O 9. Ba3 Bxa3 10. Nxa3 Qa5 11. Nb1 Ne4 12. c4 dxc4 13. bxc4 Rd8 14. Qc2 Nf6
15. Rd1 Qb6 16. Nc3 Nxd4 17. Nxd4 Rxd4 18. Rxd4 Qxd4 19. Rd1 Qb6 20. c5 Qa5 21.
Qa4 Qxa4 22. Rd8+ Qe8 0-1

[Event "Belleuve Chess 2012"]
[Site "Alcudia ESP"]
[Date "2012.10.18"]
[Round "5.8"]
[White "Gomez Olivares, Alejandro"]
[Black "Castrillon Otero, Javier"]
[Result "1-0"]
[WhiteElo "1993"]
[BlackElo "1897"]
[PlyCount "141"]
[EventDate "2012.10.14"]
[EventType "swiss"]
[EventRounds "9"]
[EventCountry "ESP"]
[Source "lmi"]
[SourceDate "2012.10.14"]

1. d4 d5 2. c4 c6 3. Nc3 Nf6 4. e3 g6 5. b3 Bg7 6. Bd3 O-O 7. Bb2 Be6 8. Nge2
dxc4 9. bxc4 Qa5 10. O-O Na6 11. a3 Rad8 12. Qc2 Nc7 13. Na4 Qg5 14. Bc1 Bc8
15. e4 Qg4 16. f3 Qd7 17. Rb1 b6 18. Rd1 e6 19. Be3 Qe7 20. Nac3 Bb7 21. Bf2
Nd7 22. a4 Ba6 23. a5 Rb8 24. Qa4 Bb7 25. Bg3 Rfc8 26. Rb3 e5 27. d5 Nc5 28.
Qa3 Bf8 29. Rbb1 Nxd3 30. Qxe7 Bxe7 31. Rxd3 Bc5+ 32. Kf1 f6 33. axb6 Bxb6 34.
Na4 cxd5 35. cxd5 Ba6 36. Rc3 Nb5 37. Rxc8+ Rxc8 38. Nxb6 axb6 39. Ke1 Rc2 40.
Ra1 Bb7 41. Bf2 Nd4 42. Bxd4 exd4 43. Nxd4 Rc4 44. Ne6 f5 45. Ra7 Bc8 46. Rc7
Rxc7 47. Nxc7 fxe4 48. fxe4 Kf7 49. Kd2 Kf6 50. Ke3 Ke5 51. Nb5 Ba6 52. Nd4 Bf1
53. g3 Bg2 54. Nc6+ Kd6 55. Kd4 Bf1 56. e5+ Kd7 57. Nb4 Bg2 58. Nd3 Bf3 59. Nf4
Bh1 60. Ne6 b5 61. h4 b4 62. Kc4 Ke7 63. Nf4 Kf7 64. Kxb4 h6 65. Kc5 g5 66.
hxg5 hxg5 67. Ne6 g4 68. Kd6 Ke8 69. Ng5 Bg2 70. e6 Bf3 71. Nh7 1-0

[Event "Belleuve Chess 2012"]
[Site "Alcudia ESP"]
[Date "2012.10.18"]
[Round "5.9"]
[White "Delgadillo Torrico, Felipe"]
[Black "Naranjo Moreno, Jose Javier"]
[Result "1-0"]
[WhiteElo "1981"]
[BlackElo "1894"]
[PlyCount "89"]
[EventDate "2012.10.14"]
[EventType "swiss"]
[EventRounds "9"]
[EventCountry "ESP"]
[Source "lmi"]
[SourceDate "2012.10.14"]

1. c4 Nf6 2. Nf3 e6 3. g3 d5 4. d4 c6 5. cxd5 exd5 6. Bg2 Bd6 7. Nc3 O-O 8. Qc2
Re8 9. O-O Bg4 10. Bg5 Nbd7 11. Rac1 h6 12. Bf4 Bxf4 13. gxf4 Nh5 14. e3 g6 15.
Ne5 Bf5 16. Qd1 f6 17. Nf3 Ng7 18. Nh4 Nf8 19. Nxf5 Nxf5 20. Kh1 Kh7 21. Rg1
Re7 22. Bh3 Nd6 23. Qf3 f5 24. Rg3 b5 25. Rcg1 b4 26. Na4 Qe8 27. Nc5 Qf7 28.
Bf1 a5 29. b3 Ne4 30. Nxe4 Rxe4 31. Bd3 Re6 32. h4 Rf6 33. h5 Ra7 34. hxg6+
Nxg6 35. Qh5 Ne7 36. Qh3 a4 37. Qg2 Nc8 38. bxa4 Nb6 39. a5 Nc4 40. a6 Qh5+ 41.
Rh3 Qf7 42. Qh2 Rg6 43. Rg5 Nd6 44. Rgh5 Kg7 45. Rxh6 1-0

[Event "Belleuve Chess 2012"]
[Site "Alcudia ESP"]
[Date "2012.10.18"]
[Round "5.10"]
[White "Suuronen, Petri"]
[Black "Achtmann, Armin"]
[Result "1-0"]
[WhiteElo "1894"]
[BlackElo "1978"]
[PlyCount "67"]
[EventDate "2012.10.14"]
[EventType "swiss"]
[EventRounds "9"]
[EventCountry "ESP"]
[Source "lmi"]
[SourceDate "2012.10.14"]

1. Nf3 f5 2. g3 Nf6 3. Bg2 c6 4. O-O d5 5. d3 e6 6. Nbd2 Be7 7. b3 O-O 8. Bb2
Qe8 9. Re1 Qh5 10. e4 fxe4 11. dxe4 Bc5 12. Bd4 Nbd7 13. e5 Bxd4 14. Nxd4 Ng4
15. h3 Ndxe5 16. hxg4 Nxg4 17. N4f3 e5 18. Nf1 e4 19. N3h2 Rxf2 20. Nxg4 Bxg4
21. Qd4 Rxg2+ 22. Kxg2 Rf8 23. Re3 Qh3+ 24. Kg1 Bf3 25. Rxf3 Rxf3 26. Qd2 Qf5
27. Kg2 c5 28. Ne3 Qf7 29. Nxd5 h5 30. Rh1 g5 31. Ne3 Qf6 32. Qd5+ Kg7 33. Qd7+
Kh6 34. Ng4+ 1-0

[Event "Belleuve Chess 2012"]
[Site "Alcudia ESP"]
[Date "2012.10.18"]
[Round "5.11"]
[White "Diez Jover, Alberto"]
[Black "Gonzalez Pabollet, Jesus Ma"]
[Result "0-1"]
[WhiteElo "1891"]
[BlackElo "1962"]
[PlyCount "108"]
[EventDate "2012.10.14"]
[EventType "swiss"]
[EventRounds "9"]
[EventCountry "ESP"]
[Source "lmi"]
[SourceDate "2012.10.14"]

1. e4 c5 2. Nf3 e6 3. d4 cxd4 4. Nxd4 Nf6 5. Nc3 d6 6. g4 h6 7. h4 Nc6 8. Be3
a6 9. Bh3 Be7 10. g5 hxg5 11. hxg5 Nd7 12. g6 Nde5 13. gxf7+ Nxf7 14. Bg2 Rxh1+
15. Bxh1 Bd7 16. Qe2 Qa5 17. Nb3 Qc7 18. O-O-O Nce5 19. Nd2 Bf6 20. f4 Nc6 21.
Nc4 b5 22. Nb6 Rd8 23. f5 Bxc3 24. bxc3 Nce5 25. Bd4 Rb8 26. Qf2 Nc4 27. Nxd7
Qa5 28. Rg1 Qxa2 29. Kd1 Qb1+ 30. Ke2 Qxc2+ 31. Kf3 Qd3+ 32. Kg2 Kxd7 33. fxe6+
Kxe6 34. Qf5+ Ke7 35. Rf1 Nce5 36. Bxe5 Nxe5 37. Qg5+ Kd7 38. Qxg7+ Kc6 39. Kg1
Qc4 40. Bg2 Rg8 41. Qa7 Qc5+ 42. Qxc5+ Kxc5 43. Ra1 Nc4 44. Kf2 a5 45. Bf1 Rf8+
46. Ke1 a4 47. Bxc4 Kxc4 48. Kd2 Rf2+ 49. Ke3 Rc2 50. Rd1 Rxc3+ 51. Ke2 Kc5 52.
Kd2 b4 53. Rh1 a3 54. Ra1 Kd4 0-1

[Event "Belleuve Chess 2012"]
[Site "Alcudia ESP"]
[Date "2012.10.18"]
[Round "5.12"]
[White "Ponce Cano, Adrian"]
[Black "Correia, Sandra Ventura"]
[Result "1-0"]
[WhiteElo "1958"]
[BlackElo "1797"]
[PlyCount "145"]
[EventDate "2012.10.14"]
[EventType "swiss"]
[EventRounds "9"]
[EventCountry "ESP"]
[Source "lmi"]
[SourceDate "2012.10.14"]

1. e4 c5 2. Nf3 g6 3. Bc4 Bg7 4. O-O Nc6 5. c3 e6 6. Re1 Nge7 7. d4 cxd4 8.
cxd4 d5 9. exd5 exd5 10. Bxd5 Qxd5 11. Nc3 Qd8 12. d5 O-O 13. dxc6 Qxd1 14.
Rxd1 Nxc6 15. Nd5 Bg4 16. Be3 Ne5 17. Bc5 Rfd8 18. Nxe5 Bxe5 19. f3 Be6 20. Nc3
b6 21. Be3 Rac8 22. Rxd8+ Rxd8 23. Kf2 Bxc3 24. bxc3 Rd3 25. Rc1 Bc4 26. h3 f5
27. h4 Kf7 28. Bg5 b5 29. Re1 Rd7 30. Ra1 Rd3 31. a4 a6 32. axb5 Bxb5 33. Re1
Bc4 34. Kg3 a5 35. Ra1 Rd5 36. Ra3 Ke6 37. Be3 Rb5 38. Kf4 Kf7 39. Kg5 Bb3 40.
c4 Bxc4 41. Rc3 Rb3 42. Rxc4 Rxe3 43. Rc5 a4 44. Ra5 a3 45. Ra7+ Re7 46. Rxa3
Kg7 47. Ra6 h6+ 48. Kf4 Rf7 49. g3 Kh7 50. Ke5 Kg7 51. Kf4 Kh7 52. Ra5 Kg7 53.
Ke5 Re7+ 54. Kf4 Rf7 55. Ra6 Kh7 56. Ke5 Kg7 57. Re6 Kh7 58. Kd6 Kg7 59. Re8
Rf6+ 60. Ke7 Rf7+ 61. Ke6 Rf6+ 62. Ke5 Rf7 63. Re6 Kh7 64. Kd5 Kg7 65. Kd6 Kh7
66. Re7 Kg7 67. Ke6 Rxe7+ 68. Kxe7 g5 69. h5 f4 70. g4 Kg8 71. Kf6 Kh7 72. Kf7
Kh8 73. Kg6 1-0

[Event "Belleuve Chess 2012"]
[Site "Alcudia ESP"]
[Date "2012.10.18"]
[Round "5.13"]
[White "Contreras Cabot, Marc"]
[Black "Rios Torondell, Jaume"]
[Result "0-1"]
[WhiteElo "1805"]
[BlackElo "1944"]
[PlyCount "61"]
[EventDate "2012.10.14"]
[EventType "swiss"]
[EventRounds "9"]
[EventCountry "ESP"]
[Source "lmi"]
[SourceDate "2012.10.14"]

1. e4 e6 2. d4 d5 3. exd5 exd5 4. Nf3 Nc6 5. Bb5 Bd6 6. O-O Nge7 7. c4 dxc4 8.
d5 Nxd5 9. Bxc6+ bxc6 10. Qa4 O-O 11. Qxc6 Be6 12. Na3 Qd7 13. Qxd7 Bxd7 14.
Nxc4 Bb5 15. Nfd2 Rfe8 16. Nxd6 cxd6 17. Rd1 Be2 18. Re1 Nb4 19. Rxe2 Rxe2 20.
Kf1 Rae8 21. Nf3 Nc2 22. Be3 Nxe3+ 23. fxe3 Rxb2 24. Rc1 Rxa2 25. Rc6 d5 26.
Rd6 f6 27. Rxd5 Rxe3 28. Rd7 Rc3 29. Rd8+ Kf7 30. Rd7+ Kg6 31. Rd1 0-1

[Event "Belleuve Chess 2012"]
[Site "Alcudia ESP"]
[Date "2012.10.18"]
[Round "5.14"]
[White "Westerweele, Henrik"]
[Black "Ballester Cladera, Antonio"]
[Result "1-0"]
[WhiteElo "1942"]
[BlackElo "1770"]
[PlyCount "41"]
[EventDate "2012.10.14"]
[EventType "swiss"]
[EventRounds "9"]
[EventCountry "ESP"]
[Source "lmi"]
[SourceDate "2012.10.14"]

1. e4 c5 2. c3 Nc6 3. d4 cxd4 4. cxd4 d5 5. Nc3 e6 6. e5 Bb4 7. Nf3 Nge7 8. Bd3
Bd7 9. O-O a6 10. a3 Bxc3 11. bxc3 b5 12. Ne1 Qb6 13. f4 Nxd4 14. Be3 Ne2+ 15.
Qxe2 Qc7 16. Bd4 g6 17. Nf3 Nf5 18. g4 Ng7 19. Kg2 h5 20. h3 O-O-O 21. a4 1-0

[Event "Belleuve Chess 2012"]
[Site "Alcudia ESP"]
[Date "2012.10.18"]
[Round "5.15"]
[White "Kopischke, Maik"]
[Black "Sanchez Rodriguez, Francisc"]
[Result "1/2-1/2"]
[WhiteElo "1867"]
[BlackElo "1933"]
[PlyCount "49"]
[EventDate "2012.10.14"]
[EventType "swiss"]
[EventRounds "9"]
[EventCountry "ESP"]
[Source "lmi"]
[SourceDate "2012.10.14"]

1. d4 Nf6 2. Nf3 g6 3. Nc3 Bg7 4. e4 d6 5. Be3 O-O 6. h3 c6 7. Qd2 b5 8. Bd3
Bd7 9. O-O Na6 10. a4 Nc7 11. a5 a6 12. Bh6 c5 13. Bxg7 Kxg7 14. e5 Nfd5 15.
Nxd5 Nxd5 16. Be4 Bc6 17. dxc5 dxc5 18. Rfd1 e6 19. Bxd5 Bxd5 20. Qf4 Qe7 21.
Nh2 f5 22. exf6+ Qxf6 23. Qxf6+ Rxf6 24. Ng4 Rf4 25. Ne3 1/2-1/2

[Event "Belleuve Chess 2012"]
[Site "Alcudia ESP"]
[Date "2012.10.18"]
[Round "5.16"]
[White "Pelegri Castello, Elias"]
[Black "Lielmezs, Girts"]
[Result "0-1"]
[WhiteElo "1837"]
[BlackElo "1910"]
[PlyCount "54"]
[EventDate "2012.10.14"]
[EventType "swiss"]
[EventRounds "9"]
[EventCountry "ESP"]
[Source "lmi"]
[SourceDate "2012.10.14"]

1. Nf3 Nf6 2. c4 Nc6 3. g3 d5 4. cxd5 Nxd5 5. Bg2 e5 6. d3 Be7 7. O-O O-O 8.
Nc3 Be6 9. Bd2 f5 10. Nxd5 Bxd5 11. Bc3 Bf6 12. Qa4 Nd4 13. Nxd4 exd4 14. Bxd4
Bxg2 15. Bxf6 Qd5 16. e4 fxe4 17. dxe4 Bxe4 18. Rad1 Qf5 19. Bd4 b5 20. Qb3+
Bd5 21. Qc3 Bf3 22. Rd3 Be2 23. Rdd1 Qf3 24. Qxc7 Rf7 25. Qc1 Bxd1 26. Rxd1 Rd8
27. Rd2 Rxd4 0-1

[Event "Belleuve Chess 2012"]
[Site "Alcudia ESP"]
[Date "2012.10.18"]
[Round "5.17"]
[White "Adeyemi, Adedeji"]
[Black "Alfven, Jorgen"]
[Result "1-0"]
[WhiteElo "1997"]
[BlackElo "1846"]
[PlyCount "118"]
[EventDate "2012.10.14"]
[EventType "swiss"]
[EventRounds "9"]
[EventCountry "ESP"]
[Source "lmi"]
[SourceDate "2012.10.14"]

1. Nf3 Nf6 2. g3 d6 3. Bg2 c5 4. c4 Nc6 5. Nc3 g6 6. O-O Bg7 7. d3 O-O 8. Rb1
e6 9. e4 a6 10. a3 Ng4 11. h3 Nge5 12. Nxe5 Nxe5 13. f4 Nc6 14. Ne2 Bd7 15. Be3
Nd4 16. Bxd4 cxd4 17. b4 Rb8 18. Rc1 b6 19. Qe1 Qe7 20. Qf2 e5 21. Rc2 Rfc8 22.
Rfc1 Ba4 23. Rb2 b5 24. Rcb1 bxc4 25. dxc4 d3 26. Nc3 Bc2 27. Nd5 Qd8 28. Rxc2
dxc2 29. Qxc2 Rc6 30. Rc1 Rbc8 31. Qe2 Kf8 32. Bf1 Qd7 33. Qg4 Qxg4 34. hxg4
exf4 35. gxf4 Bb2 36. Rc2 Bd4+ 37. Kg2 Re8 38. Bd3 Kg7 39. Kf3 h5 40. gxh5 Rh8
41. Rh2 Rxh5 42. Rxh5 gxh5 43. Ne7 Rc7 44. Nf5+ Kf6 45. Nxd4 Rc8 46. Bf1 Rg8
47. a4 h4 48. Nf5 Rg1 49. Kf2 Rg4 50. Bh3 Rxf4+ 51. Ke3 Ke5 52. Nxd6 Rf6 53. c5
Rg6 54. Nf5 Rg1 55. Nxh4 Rb1 56. Nf3+ Kf6 57. c6 Rc1 58. b5 axb5 59. axb5 Ke7
1-0

[Event "Belleuve Chess 2012"]
[Site "Alcudia ESP"]
[Date "2012.10.18"]
[Round "5.18"]
[White "Valarezzo Ricard, Pedro"]
[Black "Hernandez Delgado, Gabriel"]
[Result "0-1"]
[WhiteElo "1888"]
[BlackElo "1987"]
[PlyCount "56"]
[EventDate "2012.10.14"]
[EventType "swiss"]
[EventRounds "9"]
[EventCountry "ESP"]
[Source "lmi"]
[SourceDate "2012.10.14"]

1. d4 e6 2. Nf3 Nf6 3. Bf4 b6 4. Nbd2 Bb7 5. e3 Be7 6. h3 d6 7. Bd3 d5 8. Ne5
O-O 9. Qf3 c5 10. c3 Nc6 11. g4 cxd4 12. exd4 Nxe5 13. Bxe5 Nd7 14. Bg3 Bf6 15.
g5 Bxg5 16. O-O-O e5 17. dxe5 Nc5 18. Rhg1 d4 19. Bxh7+ Kxh7 20. Qh5+ Bh6 21.
Bf4 Nd3+ 22. Kb1 Nxf4 23. Qf5+ g6 24. Qg4 dxc3 25. bxc3 Qc8 26. Qg3 Ne2 27. Qh4
Nxg1 28. Rxg1 Qd8 0-1

[Event "Belleuve Chess 2012"]
[Site "Alcudia ESP"]
[Date "2012.10.18"]
[Round "5.19"]
[White "Garcia Verd, Francisco"]
[Black "Rodriguez Sanchez, Rafael"]
[Result "0-1"]
[WhiteElo "1954"]
[BlackElo "1809"]
[PlyCount "89"]
[EventDate "2012.10.14"]
[EventType "swiss"]
[EventRounds "9"]
[EventCountry "ESP"]
[Source "lmi"]
[SourceDate "2012.10.14"]

1. e4 d6 2. d4 Nf6 3. Nc3 g6 4. f4 Bg7 5. Nf3 c5 6. dxc5 Qa5 7. Bd3 Qxc5 8. Qe2
Ng4 9. Bd2 O-O 10. h3 Nf6 11. Qe3 Nbd7 12. e5 Ne8 13. exd6 Nxd6 14. O-O e6 15.
Rab1 b6 16. Ne4 Nxe4 17. Bxe4 Rb8 18. c3 Ba6 19. Rfe1 Rfd8 20. Kh1 Qxe3 21.
Bxe3 Nf6 22. Bc2 Nd5 23. Bd2 Rbc8 24. a3 Ne7 25. Rbd1 Nc6 26. Be3 Na5 27. Rxd8+
Rxd8 28. Rd1 Rxd1+ 29. Bxd1 Bd3 30. Nd2 Kf8 31. Kg1 Ke7 32. Kf2 e5 33. fxe5
Bxe5 34. Nf3 Bg7 35. Nd2 f5 36. Bg5+ Kd6 37. Ke3 Ba6 38. h4 Nc4+ 39. Nxc4+ Bxc4
40. h5 Bd5 41. g3 b5 42. Be2 Bc4 43. Bf3 Be5 44. Bf4 Ke6 45. hxg6 0-1

[Event "Belleuve Chess 2012"]
[Site "Alcudia ESP"]
[Date "2012.10.18"]
[Round "5.20"]
[White "Gutierrez Abarrategui, Luis"]
[Black "Figuerola Campins, Antonio"]
[Result "1/2-1/2"]
[WhiteElo "1861"]
[BlackElo "1919"]
[PlyCount "109"]
[EventDate "2012.10.14"]
[EventType "swiss"]
[EventRounds "9"]
[EventCountry "ESP"]
[Source "lmi"]
[SourceDate "2012.10.14"]

1. f4 g6 2. Nf3 Bg7 3. e3 c5 4. Be2 Nf6 5. O-O O-O 6. Nc3 d5 7. d4 b6 8. Ne5
Ba6 9. f5 Bxe2 10. Nxe2 Nfd7 11. Nxd7 Nxd7 12. c3 Nf6 13. Bd2 Ne4 14. Be1 Bh6
15. Nf4 Qd7 16. fxg6 fxg6 17. Bd2 c4 18. Qe2 Rf7 19. Rf3 Raf8 20. Raf1 g5 21.
Nh5 Qg4 22. Ng3 Nxg3 23. hxg3 Qh5 24. e4 dxe4 25. Qxe4 Rxf3 26. Rxf3 Rxf3 27.
Qxf3 Qxf3 28. gxf3 Kf7 29. Kf2 Kf6 30. g4 e6 31. Ke3 Bf8 32. Ke4 h6 33. Be3 b5
34. d5 a6 35. Bd4+ Kf7 36. Be5 Bc5 37. Bd4 Bd6 38. dxe6+ Kxe6 39. Bg7 Bf4 40.
Bxh6 Bc1 41. b3 cxb3 42. axb3 a5 43. Kd3 Kd5 44. Bg7 a4 45. Kc2 Bf4 46. Bf6 Ke6
47. Bd4 Kd5 48. Bf6 Ke6 49. Bd4 Bd6 50. c4 axb3+ 51. Kxb3 bxc4+ 52. Kxc4 Kf7
53. Kd5 Ba3 54. Ke5 Kg6 55. Kd5 1/2-1/2

[Event "Belleuve Chess 2012"]
[Site "Alcudia ESP"]
[Date "2012.10.18"]
[Round "5.21"]
[White "Wallace, Mitchel"]
[Black "Romeu De La Cruz, Josep"]
[Result "1-0"]
[WhiteElo "1833"]
[BlackElo "1902"]
[PlyCount "51"]
[EventDate "2012.10.14"]
[EventType "swiss"]
[EventRounds "9"]
[EventCountry "ESP"]
[Source "lmi"]
[SourceDate "2012.10.14"]

1. e4 Nf6 2. Nc3 d5 3. exd5 Nxd5 4. Nxd5 Qxd5 5. Nf3 e5 6. d4 exd4 7. Qxd4 Qe6+
8. Be3 c5 9. Qc3 Qc6 10. Qb3 Be7 11. O-O-O Qb6 12. Bb5+ Nc6 13. Ne5 Be6 14. Qa4
O-O 15. Nxc6 bxc6 16. Bxc6 Rab8 17. b3 a6 18. Bd7 Rb7 19. Bxe6 Qxe6 20. Rhe1
Qf6 21. Kb1 Rb4 22. Qd7 h6 23. Bd2 Bd8 24. Bxb4 cxb4 25. Qd4 Qf5 26. f4 1-0